Sports Quiz

Random Sports or Decade Quiz

NFL Postseason Wins by Decade Quiz Stats

 Plays Quiz not verified by Sporcle

Score 0/43 Timer 06:00
0 Plays Today
% Correct
8 or More Wins
90.9%
8 or More Wins
89.4%
8 or More Wins
89.4%
8 or More Wins
87.9%
Less than 8 Wins
87.9%
8 or More Wins
86.4%
Less than 8 Wins
86.4%
8 or More Wins
84.8%
8 or More Wins
84.8%
Less than 8 Wins
84.8%
Less than 8 Wins
84.8%
8 or More Wins
83.3%
8 or More Wins
83.3%
8 or More Wins
83.3%
8 or More Wins
81.8%
8 or More Wins
81.8%
Less than 8 Wins
81.8%
Less than 8 Wins
80.3%
8 or More Wins
78.8%
8 or More Wins
77.3%
Less than 8 Wins
77.3%
Less than 8 Wins
77.3%
% Correct
8 or More Wins
75.8%
8 or More Wins
75.8%
Less than 8 Wins
75.8%
Less than 8 Wins
74.2%
Less than 8 Wins
74.2%
8 or More Wins
72.7%
8 or More Wins
72.7%
Less than 8 Wins
71.2%
Less than 8 Wins
71.2%
8 or More Wins
66.7%
Less than 8 Wins
60.6%
8 or More Wins
57.6%
Less than 8 Wins
51.5%
Less than 8 Wins
51.5%
Less than 8 Wins
51.5%
Less than 8 Wins
50%
Less than 8 Wins
50%
Less than 8 Wins
45.5%
Less than 8 Wins
37.9%
Less than 8 Wins
33.3%
Less than 8 Wins
27.3%

You're not logged in!

Compare scores with friends on all Sporcle quizzes.
OR
Log In

Sporcle TV

Today on Sporcle TV


Watch our educational content, quiz creation guides, and fun videos on Sporcle TV.

Show Comments

Extras

Top Quizzes Today


Score Distribution

Your Account Isn't Verified!

In order to create a playlist on Sporcle, you need to verify the email address you used during registration. Go to your Sporcle Settings to finish the process.

Report this User

Report this user for behavior that violates our Community Guidelines.

Details: